| 000 | 00000nam##2200000za#4500 |
| 001 | 9.663725 |
| 003 | CaOODSP |
| 005 | 20240912093203 |
| 007 | ta |
| 008 | 150407|2002||||xxc||||| f|0| 0 eng|d |
| 020 | |a0-662-66551-1 |
| 040 | |aCaOODSP|beng |
| 041 | |aeng |
| 041 | |afre |
| 043 | |an-cn--- |
| 086 | 1 |aD82-64/2002 |
| 110 | 1 |aCanada.|bOffice of Critical Infrastructure Protection and Emergency Preparedness. |
| 245 | 10|aNational disaster mitigation strategy: towards a Canadian approach : |ba guide for deliberation |
| 260 | |aOttawa - Ontario : |bOffice of Critical Infrastructure Protection and Emergency Preparedness |c2002. |
| 300 | |aEnglish text, 18p. : |c28 cm. |
| 504 | |aBibliography. |
| 546 | |aBilingual |
| 563 | |aSoftcover |
| 590 | |a02-23|b2002-06-07 |
| 690 | 07|aDisaster relief|2gcpds |
| 690 | 07|aEmergency preparedness|2gcpds |
| 690 | 07|aStrategies|2gcpds |
| 776 | 0#|tNational disaster mitigation strategy : |w(CaOODSP)9.943140 |
| 792 | |tStratégie nationale d'atténuation des catastrophes: vers une approche canadienne : |efre|w(CaOODSP)9.663726 |